000 00603nam a2200205Ia 4500
005 20250508153312.0
008 008 250505s9999 xx 000 0 eng d
037 _aTextual
040 _aFEDL
_beng
_cFEDL
041 _aeng
_2eng
084 _a330, UNI
_qFEDL
245 0 _aEconomic forces in the U. S. A. in facts and figures
245 0 _cU. S. Department of Labor. Bureau of Labor Statistics
250 _a6
260 _aWashington, USA
_bU.S. Department of Labor
_c1960
300 _axvi,253p
650 _aEconomics
942 _cTEXL
_h330, UNI
999 _c1341855
_d1341855